000 00738cam a2200205 4500
001 WB3604-05
008 000000n2000 000 0 eng u
035 _a(Sirsi) u103827
245 _aConstruction market 'strongest for two years'
260 _c2000
490 _aRICS Press Release
_v(005) 13 January 2000 (4)
520 _aThe latest RICS Construction Market Survey looks at the workload of surveyors active in the building industry. Figures show that construction activity has risen to its highest level for two years. Table.
590 _aWB
650 _aRICS SURVEY
650 _aSKILLS SHORTAGES
650 _aCONSTRUCTION MARKET
650 _aOUTPUT
690 _aBUILT ENVIRONMENT-CONSTRUCTION MARKET
942 _n0
999 _c62347
_d62347